000 00469nam a2200169Ia 4500
003 OSt
005 20230920161755.0
008 190216s9999||||xx |||||||||||||| ||und||
040 _coclc
082 _a512.5
_bPRA/L
100 1 _aPrakash, Om,
_d1940-
_93147
245 0 _aLinear Algebra /
_cOm Prakash
260 _bLaxmi Publication Ltd,
_aNew Delhi:
300 _a298p
650 _aMathematics
942 _cBK
_2ddc
_h512.5
_iPRA/L
_k512.5
_mPRA/L
999 _c32107
_d32107